Statistics for American History Quotes #1

Click here to take the quiz!

General Stats

  • This quiz has been taken 86,643 times
    (69,862 since last reset)
  • The average score is 11 of 17

Answer Stats

Who Said ItQuote% Correct
Martin Luther KingI have a {dream}
97%
Ronald ReaganMr. Gorbachev, tear down this {wall}
91%
Franklin D. RooseveltThe only thing we have to fear is {fear} {itself}
91%
Neil ArmstrongOne small step for a man, one {giant} {leap} for mankind
90%
Patrick HenryGive me liberty, or give me {death}
88%
Thomas JeffersonWe hold these truths to be self-evident, that all men are {created} {equal}
79%
Unknown (Battle of Bunker Hill)Don't fire until you see the {whites} of their eyes
75%
Franklin D. RooseveltDecember 7, 1941 - a date which will live in {infamy}
74%
Abraham LincolnA house divided against itself cannot {stand}
66%
Teddy RooseveltSpeak softly and carry a {big} {stick}
65%
George Bush, Sr.Read my lips: No new {taxes}
64%
Harry TrumanThe {buck} stops here
63%
Richard NixonI am not a {crook}
62%
Ben FranklinThose who would give up essential {liberty} to purchase a
little temporary safety deserve neither
41%
Joe NamathWe're going to win Sunday. I {guarantee} it
41%
Horace GreeleyGo {west}, young man
40%
Malcolm XIt's got to be the {ballot} or the bullet
24%

Score Distribution

Percentile by Number Answered

Percent of People with Each Score

Your Score History

You have not taken this quiz since the last reset